00626nam a2200181 a 450000100100000000500170001000800410002702000150006804000250008324500240010826000470013230000350017950400300021458600360024470000420028095201050032299900170042700004250620201002040210.0131205s1990 sp ac 000 0 spa d a8474836255 aDO-SdBNPbspacBNPHU00aAugusto Roa Bastos. aBarcelona :bMinisterio de Cultura,c1990. a95 p. :bil., retrs. ;c27 cm. aBibliografía : p. 86-95 aPremio Miguel de Cervantes 19891 aRoa Bastos, Augustod1917-2005915047 001050718MOaGRbGRcCTd2013-12-05iLF1l0o p42506-10r2020-06-25w2020-06-25y1ZNo se presta c41995d41995